Sports Quiz

Random Sports or MLB Quiz

MLB 4,000 Times on Base, Fewer than 3,000 Hits Quiz Stats

 Plays Quiz Updated May 7, 2018

Challenge
Share
Tweet
Embed
Score 0/20 Timer 07:00
5 Plays Today
TOB Player (Difference) % Correct
5,595Barry Bonds (2,660)
88.7%
4,978Babe Ruth (2,105)
76.3%
4,714Ted Williams (2,060)
67.6%
4,161Mickey Mantle (1,746)
63.1%
4,274Lou Gehrig (1,553)
62.7%
4,174Ken Griffey, Jr. (1,393)
51.6%
4,055Reggie Jackson (1,466)
51.5%
4,222Frank Thomas (1,754)
51.1%
4,144Jim Thome (1,816)
47.8%
4,561Frank Robinson (1,618)
47.6%
TOB Player (Difference) % Correct
4,256Chipper Jones (1,530)
45.4%
4,012Manny Ramirez (1,438)
45.2%
4,111Jimmie Foxx (1,465)
44.2%
4,648Mel Ott (1,772)
39.1%
4,422Joe Morgan (1,905)
31.3%
4,299Gary Sheffield (1,610)
26.4%
4,016Rogers Hornsby (1,086)
25.5%
4,075Charlie Gehringer (1,236)
12.6%
4,062Luke Appling (1,313)
8.2%
4,050Rusty Staub (1,334)
6.9%

You're not logged in!

Compare scores with friends on all Sporcle quizzes.
OR
Log In

You Might Also Like...

Show Comments

Extras

Top Quizzes Today


Score Distribution

Your Account Isn't Verified!

In order to create a playlist on Sporcle, you need to verify the email address you used during registration. Go to your Sporcle Settings to finish the process.

Report this User

Report this user for behavior that violates our Community Guidelines.

Details: